000 00813nam a22001577a 4500
003 OSt
005 20150919164332.0
008 150919b xxu||||| |||| 00| 0 eng d
040 _cRUA
082 _aAGR OUK 2008 B036 Or.1
100 _9891
_aOUK, SREYVORNG.
245 _aEffect of different seedling ages at transplanting and spacing yield and growth of the car 11 rice variety cultivated during the rainy season at the royal university of agriculture ឥទ្ធិពលគម្លាតគុម្ព និងអាយុសំណាទៅលើពូជស្រូវខា ១១ ក្នុងរដូវវស្សា នៅសាកលវិទ្យាល័យភូមិន្ទកសិកម្ម
260 _aPhnom Penh
_bRUA
_c2008
300 _axi; 45p.
_bill.
_c29cm.
942 _2ddc
_cAGR
999 _c859
_d859